[Event "26e tournoi 1hKO"]
[Site "Montigny le Bretonneux"]
[Date "2024.05.11"]
[Round "4.15"]
[White "El Yaalaoui, Adam"]
[Black "Orfila, Hugo"]
[Result "1-0"]
[WhiteElo "1558"]
[BlackElo "1009"]
[Annotator "Rivier,Sylvain"]
[PlyCount "137"]
[EventDate "2024.??.??"]
[WhiteTeam "Club d'Echecs de Guyancourt"]
[BlackTeam "Club d'Echecs de Guyancourt"]

{Partie viennoise} 1. e4 e5 2. f4 Nc6 3. Nf3 d6 4. Bc4 Nf6 5. Nc3 Bg4 6. d3 Be7
7. Be3 Nd4 8. Bxd4 exd4 9. Nb5 d5 10. exd5 Nxd5 11. Bxd5 Qxd5 12. Nbxd4 Bxf3
13. Nxf3 O-O-O 14. O-O Bc5+ 15. Kh1 Qh5 16. Ne5 Qxd1 17. Raxd1 Rhe8 18. Nxf7
Rd5 19. Ne5 g5 20. c3 gxf4 21. d4 Bd6 22. c4 Ra5 23. a3 Bxe5 24. dxe5 Rexe5 25.
Rxf4 Rf5 26. Rfd4 b6 27. h3 Rae5 28. Rd7 Re2 29. b4 Rff2 30. Rg7 Kb7 31. b5 a6
32. Rdd7 axb5 33. Rxc7+ Kb8 34. cxb5 Ra2 35. Rb7+ Kc8 36. Ra7 Kb8 37. Rgb7+ Kc8
38. Rxh7 Kb8 39. Rhb7+ Kc8 40. Rg7 Kb8 41. Ra6 Ra1+ 42. Kh2 Rff1 43. Raa7 Rh1+
44. Kg3 Rhg1 45. Raf7 Rxa3+ 46. Kh2 Rc1 47. Rf8+ Rc8 48. Rxc8+ Kxc8 49. h4 Kd8
50. Rb7 Ra8 51. Rxb6 Ke7 52. Rh6 Rb8 53. b6 Kf7 54. b7 Kg7 55. Rb6 Kh7 56. g4
Kg7 57. Kg3 Kh7 58. h5 Kg7 59. g5 Kh7 60. Kg4 Kg7 61. h6+ Kh7 62. Kh5 Kh8 63.
g6 Kg8 64. h7+ Kg7 65. Kg5 Kh8 66. Kh6 Rxb7 67. g7+ Rxg7 68. Rb8+ Rg8 69. Rxg8#
1-0

[Event "26e tournoi 1hKO"]
[Site "Montigny le Bretonneux"]
[Date "2024.05.11"]
[Round "4.16"]
[White "Zoubko, Kyril"]
[Black "Montay, Jean-Paul"]
[Result "1-0"]
[WhiteElo "1199"]
[BlackElo "1558"]
[Annotator "Rivier,Sylvain"]
[PlyCount "69"]
[EventDate "2024.??.??"]
[WhiteTeam "La Dame Noire"]
[BlackTeam "La Dame Noire"]

{Partie italienne} 1. e4 e5 2. Nf3 Nc6 3. Nc3 d6 4. Bc4 Be7 5. O-O Nf6 6. d4
exd4 7. Nxd4 O-O 8. Nf5 Be6 9. Nxe7+ Qxe7 10. Nd5 Bxd5 11. exd5 Ne5 12. Re1 Qd7
13. Bd3 Nxd3 14. Qxd3 h6 15. h3 Rfe8 16. Bd2 Rxe1+ 17. Rxe1 Re8 18. Rxe8+ Qxe8
19. c4 Nd7 20. Qg3 Kh7 21. Bc3 f6 22. Qf3 Nc5 23. Qe3 Qf7 24. Bd4 Na4 25. Qa3
Nb6 26. b3 Nc8 27. Bxa7 b6 28. Qa6 Qd7 29. Qb7 Nxa7 30. Qxa7 Qe7 31. Kf1 Kg6
32. a4 Kf5 33. a5 bxa5 34. Qxa5 Ke4 35. Qe1+ 1-0

[Event "26e tournoi 1hKO"]
[Site "Montigny le Bretonneux"]
[Date "2024.05.11"]
[Round "4.17"]
[White "Hellal, Ayoub"]
[Black "Corbeau, Lou"]
[Result "0-1"]
[WhiteElo "1009"]
[BlackElo "1445"]
[Annotator "Rivier,Sylvain"]
[PlyCount "50"]
[EventDate "2024.??.??"]
[WhiteTeam "La Dame Noire"]
[BlackTeam "Nogent le Roi"]

{Défense française} 1. e4 e6 2. Nf3 d5 3. Nc3 Bb4 4. a3 Ba5 5. Be2 Nf6 6. d3
Bxc3+ 7. bxc3 dxe4 8. Nd4 c5 9. Nb3 Qc7 10. O-O O-O 11. Be3 c4 12. dxc4 Rd8 13.
Bd2 Nc6 14. Qc1 e5 15. Bg5 Rd6 16. Rd1 Bg4 17. Bxf6 Bxe2 18. Re1 Bxc4 19. Rxe4
Bxb3 20. cxb3 Rxf6 21. Rc4 Qb6 22. Qd1 Qxf2+ 23. Kh1 Rd8 24. Qc1 Rd2 25. Re4
Qxg2# 0-1

[Event "26e tournoi 1hKO"]
[Site "Montigny le Bretonneux"]
[Date "2024.05.11"]
[Round "4.18"]
[White "Orfila, Leila"]
[Black "Adsul, Tanush"]
[Result "0-1"]
[WhiteElo "1009"]
[BlackElo "1199"]
[Annotator "Rivier,Sylvain"]
[PlyCount "74"]
[EventDate "2024.??.??"]
[WhiteTeam "Club d'Echecs de Guyancourt"]
[BlackTeam "La Dame Noire"]

{Partie italienne} 1. e4 e5 2. Nf3 Nc6 3. Bc4 g6 4. O-O Nf6 5. Nc3 Bg7 6. d3 h6
7. b3 d6 8. Ne2 O-O 9. Nh4 Nxe4 10. Nxg6 Re8 11. dxe4 Be6 12. Bxe6 Rxe6 13.
Ngf4 exf4 14. Nxf4 Rxe4 15. Nh5 Bxa1 16. Ng3 Rd4 17. Qh5 Rh4 18. Qe2 Be5 19.
Nf5 Bxh2+ 20. Kh1 Bf4+ 21. Kg1 Bxc1 22. Re1 Bf4 23. g3 Qg5 24. Qd3 Rh5 25. Qc3
Qxf5 26. Re2 Qh3 27. f3 Qxg3+ 28. Rg2 Qxg2+ 29. Kxg2 Rh2+ 30. Kf1 Bd2 31. Qf6
Re8 32. Qh4 Rxh4 33. Kg2 Re2+ 34. Kg3 Rd4 35. f4 Re3+ 36. Kg4 Ne5+ 37. Kh5 Rh3#
0-1

[Event "26e tournoi 1hKO"]
[Site "Montigny le Bretonneux"]
[Date "2024.05.11"]
[Round "4.19"]
[White "Tanchoux, Pierre"]
[Black "Berhaut, Antoine"]
[Result "1-0"]
[WhiteElo "1547"]
[BlackElo "1009"]
[Annotator "Rivier,Sylvain"]
[PlyCount "77"]
[EventDate "2024.??.??"]
[WhiteTeam "La Dame Noire"]
[BlackTeam "Club d'Echecs de Guyancourt"]

{Début Réti, système Barcza} 1. Nf3 d5 2. g3 Nf6 3. Bg2 Bg4 4. h3 Bxf3 5.
Bxf3 e5 6. d3 e4 7. dxe4 dxe4 8. Qxd8+ Kxd8 9. Bg2 Bb4+ 10. c3 Bc5 11. O-O Nc6
12. Rd1+ Kc8 13. Bf4 Re8 14. e3 Rd8 15. Rxd8+ Kxd8 16. Nd2 Ke8 17. Nxe4 Nxe4
18. Bxe4 Rd8 19. Bxc7 Rd7 20. Bf4 b5 21. Bf3 Nb8 22. Rd1 Rxd1+ 23. Bxd1 a5 24.
Bxb8 b4 25. cxb4 axb4 26. Bb3 Kd7 27. Bc2 h5 28. h4 f6 29. Bf5+ Ke7 30. Bg6 Ke6
31. Bxh5 f5 32. Bf3 Kf6 33. Kf1 g5 34. hxg5+ Kxg5 35. Ke2 Be7 36. Kd3 Kf6 37.
Kc4 Ke6 38. Bc7 Bf8 39. Ba5 1-0

[Event "26e tournoi 1hKO"]
[Site "Montigny le Bretonneux"]
[Date "2024.05.11"]
[Round "4.20"]
[White "Carbonero, Jean Marc"]
[Black "Elie, Nicolas"]
[Result "1/2-1/2"]
[WhiteElo "1299"]
[BlackElo "1009"]
[Annotator "Rivier,Sylvain"]
[PlyCount "91"]
[EventDate "2024.??.??"]
[WhiteTeam "Saint-Quentin en Yvelines"]
[BlackTeam "Club d'Echecs de Guyancourt"]

{Partie des quatre cavaliers, variante espagnole} 1. e4 e5 2. Nf3 Nc6 3. Bb5
Bc5 4. O-O Nf6 5. Nc3 O-O 6. d3 d6 7. h3 Be6 8. Be3 Nd4 9. a4 Nd7 10. Bc4 Qf6
11. Nd5 Nxf3+ 12. Qxf3 Qxf3 13. gxf3 Bxd5 14. Bxd5 Bxe3 15. fxe3 Rad8 16. Bxb7
Rfe8 17. Bc6 Nb8 18. Bxe8 Rxe8 19. f4 exf4 20. exf4 Nc6 21. c3 Na5 22. Ra3 Re6
23. b4 Rg6+ 24. Kh2 Nc6 25. b5 Na5 26. f5 Rg5 27. Rf4 c6 28. h4 Rh5 29. bxc6
Nxc6 30. d4 g6 31. d5 Ne7 32. f6 Nc8 33. a5 g5 34. Rg4 Kh8 35. Kg3 gxh4+ 36.
Rxh4 Rg5+ 37. Rg4 h6 38. Rxg5 hxg5 39. Kg4 a6 40. Kxg5 Na7 41. Rb3 Kh7 42. Rb7
Nc8 43. Rxf7+ Kg8 44. Rc7 Kf8 45. Rxc8+ Kf7 46. Ra8 1/2-1/2

[Event "26e tournoi 1hKO"]
[Site "Montigny le Bretonneux"]
[Date "2024.05.11"]
[Round "4.21"]
[White "Gabory, Clement"]
[Black "El Yaalaoui, Asiya"]
[Result "0-1"]
[WhiteElo "1009"]
[BlackElo "1099"]
[Annotator "Rivier,Sylvain"]
[PlyCount "96"]
[EventDate "2024.??.??"]
[WhiteTeam "Club d'Echecs de Guyancourt"]
[BlackTeam "Club d'Echecs de Guyancourt"]

{Partie italienne} 1. e4 e5 2. Nf3 Nc6 3. Bc4 Nh6 4. O-O Bc5 5. Nc3 O-O 6. d3
d6 7. Bg5 Qd7 8. Qd2 Ng4 9. Bh4 Na5 10. Qg5 Nxc4 11. Bg3 Nce3 12. Rfe1 Nxc2 13.
Rec1 Nxa1 14. Rxa1 Qe6 15. Nd5 Qh6 16. Ne7+ Kh8 17. Nf5 Qxg5 18. Nxg5 Bxf5 19.
Bh4 h6 20. Nf3 g5 21. Bg3 Be6 22. Rc1 Bd4 23. Nxd4 exd4 24. Rxc7 Rab8 25. h3
Ne5 26. Bxe5+ dxe5 27. Kh2 Rbc8 28. Rxb7 Rc2 29. f3 Bxa2 30. b4 Ra8 31. b5 a6
32. b6 Rcc8 33. Rxf7 Bxf7 34. b7 Be8 35. bxc8=Q Rxc8 36. Kg3 a5 37. f4 exf4+
38. Kg4 a4 39. Kf5 Bd7+ 40. Kg6 a3 41. Kf7 a2 42. Ke7 a1=Q 43. Kxd7 Rb8 44. Kc7
Qa7+ 45. Kc6 Qa5 46. Kd6 Rb6+ 47. Kd7 Qa7+ 48. Kd8 Rb8# 0-1

[Event "26e tournoi 1hKO"]
[Site "Montigny le Bretonneux"]
[Date "2024.05.11"]
[Round "5.1"]
[White "Briquet, Tom"]
[Black "El Farihi, Mohsine"]
[Result "0-1"]
[WhiteElo "1901"]
[BlackElo "2073"]
[Annotator "Rivier,Sylvain"]
[PlyCount "64"]
[EventDate "2024.??.??"]
[WhiteTeam "Palamede Echecs"]
[BlackTeam "Gambit Roi de Carrieres sur Seine"]

{Partie italienne} 1. e4 e5 2. Nf3 Nc6 3. Bc4 d6 4. d4 exd4 5. Nxd4 Nf6 6. Nc3
Be7 7. h3 Ne5 8. Bb3 a6 9. a3 c5 10. Nf3 b5 11. Qe2 c4 12. Ba2 O-O 13. O-O Bb7
14. Nd4 Re8 15. Re1 Ng6 16. f3 d5 17. Qf2 dxe4 18. Be3 exf3 19. Nxf3 Nh5 20.
Rad1 Qc7 21. Bb6 Qc6 22. Rf1 Ngf4 23. Be3 Bd6 24. Bxf4 Nxf4 25. Kh1 a5 26. Qd2
Rad8 27. Qf2 b4 28. Nb1 Re2 29. Qh4 f6 30. Nbd2 b3 31. cxb3 g5 32. Qh6 Bf8 0-1

[Event "26e tournoi 1hKO"]
[Site "Montigny le Bretonneux"]
[Date "2024.05.11"]
[Round "5.2"]
[White "Briquet, Jean-Pierre"]
[Black "Forissier, Nicolas"]
[Result "1-0"]
[WhiteElo "1981"]
[BlackElo "1931"]
[Annotator "Rivier,Sylvain"]
[PlyCount "67"]
[EventDate "2024.??.??"]
[WhiteTeam "Palamede Echecs"]
[BlackTeam "La Dame Noire"]

{Gambit dame} 1. d4 Nf6 2. Nf3 d5 3. c4 e6 4. Nc3 c6 5. Bg5 Nbd7 6. e3 Bd6 7.
cxd5 exd5 8. Bd3 O-O 9. O-O Re8 10. Qc2 Be7 11. Rab1 Nf8 12. b4 a6 13. a4 b5
14. Ne5 Bb7 15. Rfc1 N6d7 16. Bxe7 Qxe7 17. Nxd7 Qxd7 18. Bf5 Qd6 19. Ne2 g6
20. Bh3 f5 21. g3 Nd7 22. a5 Nf6 23. Bg2 Re7 24. Nf4 Rae8 25. Nd3 Nd7 26. Rb3
h5 27. h4 Qf6 28. Rc3 g5 29. hxg5 Qxg5 30. Rxc6 Bxc6 31. Qxc6 Nf6 32. Bxd5+
Nxd5 33. Qxd5+ Kf8 34. Ne5 {suite illisible} 1-0

[Event "26e tournoi 1hKO"]
[Site "Montigny le Bretonneux"]
[Date "2024.05.11"]
[Round "5.3"]
[White "Lim, Chin"]
[Black "Gaziello, Marc"]
[Result "0-1"]
[WhiteElo "1914"]
[BlackElo "1716"]
[Annotator "Rivier,Sylvain"]
[PlyCount "81"]
[EventDate "2024.??.??"]
[WhiteTeam "La Dame Noire"]
[BlackTeam "Club d'Echecs de l'Arpajonnais"]

{Gambit dame, variante d'échange} 1. d4 Nf6 2. c4 e6 3. Nf3 d5 4. Nc3 Be7 5.
cxd5 exd5 6. Bg5 O-O 7. Qc2 c6 8. e3 Nbd7 9. Bd3 Re8 10. O-O Nf8 11. Rab1 Ng6
12. b4 a6 13. a4 Bd6 14. Bf5 h6 15. Bxf6 Qxf6 16. Bxc8 Raxc8 17. Qd3 Ne7 18. b5
axb5 19. axb5 g5 20. Rfc1 g4 21. Ne1 Ng6 22. bxc6 bxc6 23. Rc2 h5 24. Rbc1 Qe6
25. Na4 Bb8 26. Nc5 Qd6 27. g3 h4 28. Qf5 hxg3 29. hxg3 Kg7 30. Qxg4 Kf8 31.
Nd7+ Ke7 32. Nxb8 Qxb8 33. Nd3 Qb5 34. Nc5 Rg8 35. Qd7+ Kf6 36. Qd6+ Kg7 37.
Nd7 Rh8 38. Qf6+ Kg8 39. f4 Qd3 40. Qg5 Qxe3+ 41. Kg2 0-1

[Event "26e tournoi 1hKO"]
[Site "Montigny le Bretonneux"]
[Date "2024.05.11"]
[Round "5.4"]
[White "Appavou, Calixte"]
[Black "Bordier, Hugo"]
[Result "0-1"]
[WhiteElo "1787"]
[BlackElo "1693"]
[Annotator "Rivier,Sylvain"]
[PlyCount "62"]
[EventDate "2024.??.??"]
[WhiteTeam "Saint-Quentin en Yvelines"]
[BlackTeam "Echiquier de la Butte"]

{Défense française, variante d'avance} 1. e4 e6 2. d4 d5 3. e5 c5 4. c3 Qb6
5. Nf3 Bd7 6. Bd3 Bb5 7. O-O Nc6 8. Bxb5 Qxb5 9. b3 Nge7 10. Bb2 Nf5 11. Na3
Qb6 12. Nc2 Be7 13. Rc1 O-O 14. Re1 Rac8 15. Ne3 Nxe3 16. fxe3 a5 17. e4 dxe4
18. Rxe4 Rfd8 19. Qe2 cxd4 20. cxd4 Nb4 21. a3 Nd5 22. Qd3 h6 23. h3 Rxc1+ 24.
Bxc1 Rc8 25. Bb2 Qc6 26. Ne1 Nc3 27. Re3 Nb5 28. a4 Nc7 29. Rf3 Nd5 30. Qf1 Rf8
31. Qc4 Rc8 {suite illisible} 0-1

[Event "26e tournoi 1hKO"]
[Site "Montigny le Bretonneux"]
[Date "2024.05.11"]
[Round "5.5"]
[White "Baysse, Nathan"]
[Black "Nosperger, Mael"]
[Result "0-1"]
[WhiteElo "1601"]
[BlackElo "1727"]
[Annotator "Rivier,Sylvain"]
[PlyCount "110"]
[EventDate "2024.??.??"]
[WhiteTeam "La Dame Noire"]
[BlackTeam "Palamede Echecs"]

{Défense sicilienne, variante Rossolimo} 1. e4 c5 2. Nf3 Nc6 3. Bc4 g6 4. Nc3
Bg7 5. O-O d6 6. a3 Nf6 7. h3 O-O 8. d3 Nd7 9. Bg5 Nde5 10. Nxe5 Nxe5 11. Bb3
h6 12. Be3 e6 13. Qd2 Kh7 14. Bf4 Nc6 15. Rab1 Nd4 16. Ba2 e5 17. Be3 Bxh3 18.
Bxd4 exd4 19. Ne2 Be6 20. b3 Qg5 21. Qxg5 hxg5 22. g3 g4 23. Kg2 Be5 24. Rh1+
Kg7 25. Nf4 Bxf4 26. gxf4 Rh8 27. Rh2 Rxh2+ 28. Kxh2 Rh8+ 29. Kg2 Rh3 30. Ra1
Rf3 31. b4 Bxa2 32. Rxa2 Rxf4 33. Kg3 Rf3+ 34. Kg2 c4 35. dxc4 Rc3 36. Kh2 Rxc4
37. Kg3 f5 38. exf5 gxf5 39. Kg2 Rc3 40. Kh2 Kg6 41. Kg2 Kg5 42. Kf1 Kf4 43.
Ke2 g3 44. fxg3+ Kxg3 45. Ra1 Kg2 46. Kd2 f4 47. Re1 f3 48. Re8 Rxa3 49. Rg8+
Kf1 50. b5 f2 51. Rg5 a6 52. bxa6 bxa6 53. Rg6 a5 54. Rxd6 Kg2 55. Rg6+ Rg3 0-1

[Event "26e tournoi 1hKO"]
[Site "Montigny le Bretonneux"]
[Date "2024.05.11"]
[Round "5.6"]
[White "Couradin, Bruno"]
[Black "Chevrier, Denis"]
[Result "0-1"]
[WhiteElo "1579"]
[BlackElo "1738"]
[Annotator "Rivier,Sylvain"]
[PlyCount "64"]
[EventDate "2024.??.??"]
[WhiteTeam "La Dame Noire"]
[BlackTeam "Club d'Echecs de l'Arpajonnais"]

{Défense sicilienne, variante Rossolimo} 1. e4 c5 2. Nf3 Nc6 3. Bc4 e6 4. Nc3
a6 5. O-O Nge7 6. d3 g6 7. Be3 d6 8. a4 Bg7 9. Qd2 d5 10. exd5 exd5 11. Ba2 d4
12. Ne4 dxe3 13. fxe3 b6 14. c3 O-O 15. Nfg5 Nd5 16. Rf2 f5 17. Bxd5+ Qxd5 18.
Ng3 Ne5 19. Rd1 Ng4 20. Rf4 Bh6 21. h4 Bb7 22. c4 Qc6 23. b3 Nxe3 24. Re1 Qxg2+
25. Qxg2 Nxg2 26. Ref1 Nxf4 27. Rxf4 Rad8 28. Rf1 Rxd3 29. Ne2 Rfd8 30. Nf4 Rd1
31. Nfe6 Rxf1+ 32. Kxf1 Rd3 0-1

[Event "26e tournoi 1hKO"]
[Site "Montigny le Bretonneux"]
[Date "2024.05.11"]
[Round "5.7"]
[White "Corbillet, Mathieu"]
[Black "Pelletier, Sylvain"]
[Result "1-0"]
[WhiteElo "1699"]
[BlackElo "1598"]
[Annotator "Rivier,Sylvain"]
[PlyCount "71"]
[EventDate "2024.??.??"]
[WhiteTeam "La Dame Noire"]
[BlackTeam "Club d'Echecs de Guyancourt"]

{Défense sicilienne, variante Rossolimo} 1. e4 c5 2. Nf3 g6 3. Bc4 Bg7 4. Nc3
Nc6 5. d3 d6 6. h3 Nf6 7. Be3 O-O 8. Qd2 a6 9. Rb1 b5 10. Bd5 b4 11. Bxc6 bxc3
12. bxc3 Ra7 13. O-O Qc7 14. Ba4 Be6 15. Rb2 Rb8 16. Rxb8+ Qxb8 17. Bb3 Rb7 18.
c4 Qc8 19. Kh2 Qc7 20. Bh6 d5+ 21. Bf4 Qd8 22. exd5 Bf5 23. g4 Bd7 24. Re1 e6
25. Bh6 exd5 26. Bxg7 Kxg7 27. Qg5 d4 28. Qe5 Bc6 29. Kg2 Kg8 30. Qxc5 Bxf3+
31. Kxf3 Rd7 32. Qe5 Rd6 33. Qf4 Nh5 34. Re8+ Qxe8 35. Qxd6 Ng7 36. Qxd4 1-0

[Event "26e tournoi 1hKO"]
[Site "Montigny le Bretonneux"]
[Date "2024.05.11"]
[Round "5.8"]
[White "Ruiz, Alexandra"]
[Black "Couradin, Jean-Marie"]
[Result "1-0"]
[WhiteElo "1518"]
[BlackElo "1679"]
[Annotator "Rivier,Sylvain"]
[PlyCount "59"]
[EventDate "2024.??.??"]
[WhiteTeam "Club d'Echecs du Vesinet"]
[BlackTeam "La Dame Noire"]

{Défense française, variante Steinitz} 1. e4 e6 2. d4 d5 3. Nc3 Nf6 4. e5
Nfd7 5. f4 c5 6. Nf3 Nc6 7. Be2 Be7 8. Be3 cxd4 9. Nxd4 Nxd4 10. Bxd4 a6 11.
O-O O-O 12. a3 Qc7 13. b4 b5 14. Bd3 f6 15. Qh5 f5 16. Rf3 Rf7 17. Rh3 g6 18.
Qf3 Bf8 19. Kh1 Nb6 20. Rg1 Bb7 21. g4 Nc4 22. gxf5 Nd2 23. Qh5 exf5 24. Bxf5
Rxf5 25. Qxf5 Bg7 26. Qe6+ Kh8 27. Qxg6 h6 28. Rxh6+ Bxh6 29. Qxh6+ Qh7 30. e6#
1-0

[Event "26e tournoi 1hKO"]
[Site "Montigny le Bretonneux"]
[Date "2024.05.11"]
[Round "5.9"]
[White "Guerillon, Sylvain"]
[Black "Neveu, Raphael"]
[Result "0-1"]
[WhiteElo "1687"]
[BlackElo "1626"]
[Annotator "Rivier,Sylvain"]
[PlyCount "116"]
[EventDate "2024.??.??"]
[WhiteTeam "Club d'Echecs de Triel sur Seine"]
[BlackTeam "La Dame Noire"]

{Défense des deux cavaliers} 1. e4 e5 2. Nf3 Nc6 3. Bc4 Nf6 4. Nc3 Nxe4 5.
Nxe4 d5 6. Bd3 dxe4 7. Bxe4 Bd6 8. Bxc6+ bxc6 9. h3 O-O 10. d3 h6 11. O-O Qf6
12. Bd2 Be6 13. Bc3 Bd5 14. Re1 Bxf3 15. Qxf3 Qxf3 16. gxf3 f6 17. Re4 Rfe8 18.
Rae1 Kf7 19. Rc4 c5 20. a4 g5 21. b3 Kg6 22. Bb2 Kf5 23. Ba3 Ke6 24. Bxc5 Kd5
25. Bxd6 cxd6 26. Kg2 Rec8 27. Kg3 f5 28. h4 Rxc4 29. dxc4+ Ke6 30. hxg5 hxg5
31. Rh1 a5 32. Rh6+ Kd7 33. Rg6 Kc6 34. Rxg5 f4+ 35. Kg4 Rh8 36. Rh5 Rg8+ 37.
Kh3 Rg1 38. Rh8 Rh1+ 39. Kg4 Rxh8 40. Kf5 Rh2 41. c3 Rxf2 42. b4 axb4 43. cxb4
Ra2 44. a5 Rc2 45. b5+ Kc5 46. Ke6 Rxc4 47. a6 Ra4 48. Kd7 Kxb5 49. Kxd6 Kxa6
50. Kxe5 Kb6 51. Kd5 Kc7 52. Ke5 Kd7 53. Kf5 Ke7 54. Ke5 Kf7 55. Kf5 Ra5+ 56.
Kxf4 Kf6 57. Kg4 Ra4+ 58. f4 Kg6 {suite non notée} 0-1

[Event "26e tournoi 1hKO"]
[Site "Montigny le Bretonneux"]
[Date "2024.05.11"]
[Round "5.10"]
[White "Corbeau, Lou"]
[Black "Goujon, Antoine"]
[Result "1/2-1/2"]
[WhiteElo "1445"]
[BlackElo "1762"]
[Annotator "Rivier,Sylvain"]
[PlyCount "59"]
[EventDate "2024.??.??"]
[WhiteTeam "Nogent le Roi"]
[BlackTeam "CE Le Roi Soleil - Le Chesnay - Versailles"]

{Ouverture anglaise, variante symétrique} 1. d4 Nf6 2. c4 c5 3. Nf3 cxd4 4.
Nxd4 Nc6 5. Bf4 d6 6. Nxc6 bxc6 7. e3 e5 8. Bg3 Be7 9. Bd3 O-O 10. Qc2 Qc7 11.
Nd2 Bg4 12. h3 Bh5 13. Bh4 Bg6 14. Bxg6 hxg6 15. Ne4 Rfe8 16. Bxf6 Qa5+ 17. Ke2
gxf6 18. a3 f5 19. b4 Qa6 20. Nd2 Rac8 21. Kd1 d5 22. c5 Bf6 23. Ra2 e4 24. Nb3
Rcd8 25. Qd2 Rd7 26. Nd4 Bxd4 27. Qxd4 Rde7 28. h4 Qa4+ 29. Kc1 Qb3 30. Ra1
1/2-1/2

[Event "26e tournoi 1hKO"]
[Site "Montigny le Bretonneux"]
[Date "2024.05.11"]
[Round "5.11"]
[White "Branson, James"]
[Black "El Yaalaoui, Adam"]
[Result "1-0"]
[WhiteElo "1680"]
[BlackElo "1558"]
[Annotator "Rivier,Sylvain"]
[PlyCount "98"]
[EventDate "2024.??.??"]
[WhiteTeam "Club d'Echecs de Guyancourt"]
[BlackTeam "Club d'Echecs de Guyancourt"]

{Défense sicilienne, variante O'Kelly} 1. d4 Nf6 2. c4 e6 3. Nf3 c5 4. Nc3
cxd4 5. Nxd4 a6 6. e4 Nc6 7. Nxc6 dxc6 8. Qxd8+ Kxd8 9. Bf4 Bb4 10. O-O-O+ Ke7
11. e5 Bxc3 12. bxc3 Ne4 13. Be3 Nxc3 14. Bc5+ Ke8 15. Rd4 b5 16. g3 Bb7 17.
Rg1 Rd8 18. Bd6 f6 19. f4 Kf7 20. Kc2 c5 21. Bxc5 Ne4 22. Bd6 Nxd6 23. exd6
bxc4 24. Bxc4 Ra8 25. Rgd1 Rhd8 26. f5 Bd5 27. fxe6+ Bxe6 28. Bxe6+ Kxe6 29.
Re1+ Kf7 30. Re7+ Kf8 31. Rc7 Rab8 32. a4 Rb6 33. d7 Ke7 34. Ra7 h5 35. Kd3 g5
36. Kc4 Rc6+ 37. Kb4 Rd6 38. Re4+ Re6 39. Rxe6+ Kxe6 40. Kc5 Rxd7 41. Rxa6+ Ke7
42. h4 Rd3 43. hxg5 fxg5 44. Rh6 Rxg3 45. Rxh5 g4 46. Kd4 Kf6 47. Rh8 Kg7 48.
Rh4 Kf6 49. Kc5 Ke7 {suite illisible} 1-0

[Event "26e tournoi 1hKO"]
[Site "Montigny le Bretonneux"]
[Date "2024.05.11"]
[Round "5.12"]
[White "Zoubko, Kyril"]
[Black "Spinos, Steven"]
[Result "0-1"]
[WhiteElo "1199"]
[BlackElo "1573"]
[Annotator "Rivier,Sylvain"]
[PlyCount "108"]
[EventDate "2024.??.??"]
[WhiteTeam "La Dame Noire"]
[BlackTeam "La Tour de Mantes"]

1. e4 e6 2. Nc3 d5 3. Nf3 Nf6 4. exd5 exd5 5. d4 Bd6 6. Bg5 c6 7. Bd3 O-O 8.
O-O Bg4 9. Be2 Nbd7 10. Ne5 Bxe2 11. Qxe2 Re8 12. f4 Qb6 13. Bxf6 Qxd4+ 14. Qf2
Qxf2+ 15. Rxf2 Nxf6 16. Nd3 Ne4 17. Nxe4 dxe4 18. Ne1 Bc5 19. Kf1 Bxf2 20. Kxf2
e3+ 21. Ke2 Rad8 22. Nf3 Rd5 23. Rd1 Rxd1 24. Kxd1 c5 25. Ke2 f6 26. g4 Re4 27.
h3 Kf7 28. Kd3 Re7 29. Ke2 c4 30. c3 Re4 31. Nd4 a6 32. Nf5 Kg6 33. Ng3 Re8 34.
Nf5 Re4 35. Ng3 Re8 36. Nf5 b5 37. Nh4+ Kf7 38. Nf5 Re6 39. Nxe3 g6 40. Kf3 Rd6
41. Ke2 Ke6 42. h4 g5 43. fxg5 fxg5 44. hxg5 Ke5 45. a4 Ke4 46. Nf5 Rg6 47.
axb5 axb5 48. Kf2 Kf4 49. Nd4 Kxg4 50. Nxb5 Rxg5 51. Nd6 Kf4 52. Nxc4 h5 53.
Ne3 h4 54. Ng2+ Kg4 {suite non notée} 0-1

[Event "26e tournoi 1hKO"]
[Site "Montigny le Bretonneux"]
[Date "2024.05.11"]
[Round "5.13"]
[White "Adsul, Tanush"]
[Black "Bouloc, Roger"]
[Result "0-1"]
[WhiteElo "1199"]
[BlackElo "1567"]
[Annotator "Rivier,Sylvain"]
[PlyCount "48"]
[EventDate "2024.??.??"]
[WhiteTeam "La Dame Noire"]
[BlackTeam "La Dame Noire"]

{Défense sicilienne} 1. e4 c5 2. Bc4 e6 3. Nf3 Nf6 4. Nc3 d5 5. exd5 exd5 6.
Bb5+ Bd7 7. Qe2+ Be7 8. Bxd7+ Nbxd7 9. Qb5 b6 10. b4 a6 11. Qe2 cxb4 12. Na4 b5
13. Nb2 O-O 14. O-O Re8 15. Ne5 Bd6 16. d4 Nxe5 17. dxe5 Bxe5 18. Qd3 Qc7 19.
g3 Rac8 20. Bf4 Bxf4 21. gxf4 Qxf4 22. h3 Rc3 23. Qd1 Rxh3 24. Kg2 Qh2# 0-1

[Event "26e tournoi 1hKO"]
[Site "Montigny le Bretonneux"]
[Date "2024.05.11"]
[Round "5.14"]
[White "Meddour, Ithri"]
[Black "Ancey, Remi"]
[Result "1-0"]
[WhiteElo "1563"]
[BlackElo "1483"]
[Annotator "Rivier,Sylvain"]
[PlyCount "43"]
[EventDate "2024.??.??"]
[WhiteTeam "Saint-Quentin en Yvelines"]
[BlackTeam "Club d'Echecs de Triel sur Seine"]

{Début Réti, système Barcza} 1. Nf3 d5 2. c4 Nf6 3. g3 Bf5 4. Bg2 e6 5. Nh4
Bxb1 6. Rxb1 Bc5 7. b4 Bd6 8. c5 Be7 9. Nf3 O-O 10. d3 c6 11. Qc2 b6 12. Nd4
Na6 13. Nxc6 Qc7 14. Nxe7+ Qxe7 15. d4 Rab8 16. Bf4 Rb7 17. Bd6 Qe8 18. b5 Nc7
19. c6 Na8 20. cxb7 Nc7 21. Bxf8 Nd7 22. Qxc7 1-0

[Event "26e tournoi 1hKO"]
[Site "Montigny le Bretonneux"]
[Date "2024.05.11"]
[Round "5.15"]
[White "Fasquelle, Yann"]
[Black "Gabory, Donatien"]
[Result "1-0"]
[WhiteElo "1569"]
[BlackElo "1009"]
[Annotator "Rivier,Sylvain"]
[PlyCount "71"]
[EventDate "2024.??.??"]
[WhiteTeam "Saint-Quentin en Yvelines"]
[BlackTeam "Club d'Echecs de Guyancourt"]

{Partie espagnole, défense berlinoise} 1. e4 e5 2. Nf3 Nc6 3. Bb5 Nf6 4. d3 d6
5. O-O g6 6. Bg5 Bg7 7. Nc3 Be6 8. d4 O-O 9. d5 Nd4 10. dxe6 fxe6 11. Nxd4 exd4
12. Qxd4 e5 13. Qd2 c6 14. Ba4 b5 15. Bb3+ Kh8 16. a3 Rb8 17. f3 Qb6+ 18. Kh1
c5 19. Rfd1 Rbd8 20. Qe2 h6 21. Bxf6 Rxf6 22. Nd5 Qa6 23. Nxf6 Bxf6 24. a4 c4
25. axb5 Qxb5 26. Qxc4 Qxc4 27. Bxc4 Rc8 28. b3 d5 29. Rxd5 Rc7 30. Rad1 Rc8
31. Rd7 a5 32. Ra7 Rc5 33. Rdd7 Rxc4 34. bxc4 Kg8 35. Ra8+ Bd8 36. Raxd8# 1-0

[Event "26e tournoi 1hKO"]
[Site "Montigny le Bretonneux"]
[Date "2024.05.11"]
[Round "5.16"]
[White "Montay, Jean-Paul"]
[Black "Hellal, Ayoub"]
[Result "1-0"]
[WhiteElo "1558"]
[BlackElo "1009"]
[Annotator "Rivier,Sylvain"]
[PlyCount "88"]
[EventDate "2024.??.??"]
[WhiteTeam "La Dame Noire"]
[BlackTeam "La Dame Noire"]

{Ouverture anglaise, variante sicilienne inversée} 1. c4 e5 2. Nc3 Nf6 3. g3
Nc6 4. Bg2 Bc5 5. e3 O-O 6. d3 d6 7. Nf3 Bg4 8. O-O Bb4 9. a3 Bxc3 10. bxc3 Ne7
11. e4 c5 12. Rb1 Nc8 13. Re1 Nb6 14. Qb3 Bxf3 15. Bxf3 a5 16. Qxb6 Qxb6 17.
Rxb6 Nd7 18. Rxd6 Rad8 19. Bg4 Nf6 20. Rxd8 Rxd8 21. Be2 g6 22. Bg5 Rd6 23.
Bxf6 Rxf6 24. Bd1 Rb6 25. Bc2 Rb2 26. Rc1 Rb3 27. Bxb3 h5 28. Ba4 f6 29. Rb1 g5
30. Rxb7 g4 31. Ra7 Kf8 32. Rxa5 Ke7 33. Rxc5 Kd6 34. Rb5 Kc7 35. Rb4 Kd6 36.
Be8 Ke7 37. Bxh5 Kd6 38. a4 Kc5 39. a5 Kc6 40. a6 Kc5 41. a7 Kd6 42. a8=Q Kc7
43. Qa6 Kd7 44. Rb7+ Kd8 1-0